Measuring the impact of BIM on complex buildings (Record no. 115631)
[ view plain ]
| 000 -LEADER | |
|---|---|
| fixed length control field | 01488cad a22002535a 4500 |
| 001 - CONTROL NUMBER | |
| control field | L159025 |
| 008 - FIXED-LENGTH DATA ELEMENTS--GENERAL INFORMATION | |
| fixed length control field | 120214s2015 xxk f 000 0 eng d |
| 035 ## - SYSTEM CONTROL NUMBER | |
| System control number | (Sirsi) u159025 |
| 041 0# - LANGUAGE CODE | |
| Language code of text/sound track or separate title | eng |
| 110 2# - MAIN ENTRY--CORPORATE NAME | |
| Corporate name or jurisdiction name as entry element | Dodge Data & Analytics |
| 9 (RLIN) | 6167 |
| 245 00 - TITLE STATEMENT | |
| Title | Measuring the impact of BIM on complex buildings |
| Medium | [electronic resource] |
| 260 ## - PUBLICATION, DISTRIBUTION, ETC. | |
| Place of publication, distribution, etc. | [S.l.] |
| Name of publisher, distributor, etc. | Dodge Data & Analytics |
| Date of publication, distribution, etc. | 2015 |
| 520 ## - SUMMARY, ETC. | |
| Summary, etc. | Reports that using BIM can greatly reduce the risk and increase the success of complex construction projects such as hospitals, laboratories, airports and manufacturing plants. The research shows that nearly 75% of contractors and two-thirds of architects believed that BIM had a significant impact on improving the achievability of construction of the final design, helping to reduce expensive rework and improve cost and schedule performance. This is the first study to start quantifying BIM's value across hundreds of users. |
| 590 ## - LOCAL NOTE (RLIN) | |
| Local note | KA NTK |
| 650 24 - SUBJECT ADDED ENTRY--TOPICAL TERM | |
| Topical term or geographic name entry element | BUILDING INFORMATION MODELLING |
| 650 24 - SUBJECT ADDED ENTRY--TOPICAL TERM | |
| Topical term or geographic name entry element | COST MANAGEMENT |
| 9 (RLIN) | 6233 |
| 651 #4 - SUBJECT ADDED ENTRY--GEOGRAPHIC NAME | |
| Geographic name | United States |
| Chronological subdivision | 1959- |
| 690 ## - LOCAL SUBJECT ADDED ENTRY--TOPICAL TERM (OCLC, RLIN) | |
| Topical term or geographic name as entry element | BIM |
| 9 (RLIN) | 6219 |
| 710 1# - ADDED ENTRY--CORPORATE NAME | |
| Corporate name or jurisdiction name as entry element | Skanska |
| 710 ## - ADDED ENTRY--CORPORATE NAME | |
| Corporate name or jurisdiction name as entry element | US Department of Veterans Affairs |
| 856 40 - ELECTRONIC LOCATION AND ACCESS | |
| Uniform Resource Identifier | <a href="https://c.ymcdn.com/sites/www.nibs.org/resource/resmgr/Docs/BIMSmartMarketReport.pdf">https://c.ymcdn.com/sites/www.nibs.org/resource/resmgr/Docs/BIMSmartMarketReport.pdf</a> |
| Public note | View the item free of charge at www.nibs.org |
| 856 40 - ELECTRONIC LOCATION AND ACCESS | |
| Uniform Resource Identifier | <a href="https://analyticsstore.construction.com/smartmarket-reports/ComplexBIM.html">https://analyticsstore.construction.com/smartmarket-reports/ComplexBIM.html</a> |
| Public note | View the item free of charge at www.analyticsstore.construction.com |
| 942 ## - ADDED ENTRY ELEMENTS (KOHA) | |
| Suppress in OPAC | 0 |
| Source of classification or shelving scheme | Dewey Decimal Classification |
| Withdrawn status | Lost status | Source of classification or shelving scheme | Damaged status | Not for loan | Home library | Current library | Shelving location | Date acquired | Total Checkouts | Full call number | Barcode | Date last seen | Copy number | Price effective from | Koha item type |
|---|---|---|---|---|---|---|---|---|---|---|---|---|---|---|---|
| Dewey Decimal Classification | Virtual | Virtual | Online | 09/12/2015 | ONLINE PUBLICATION | 159025-2001 | 06/08/2019 | 1 | 06/08/2019 | Book |